000 01785nam a22002657a 4500
003 OSt
005 20210407111619.0
008 210407s2012 pe ab||gr|||| 00| 0 spa d
020 _a9788792786173
040 _aCO-JMCR
_cCO-JMCR
041 0 _aspa
082 0 4 _a305.8 /
_bM636m
_223
100 1 _aMikkelsen, Cacilie,
_ecompiladora
_936680
245 1 3 _aEl mundo indígena 2012 /
_cCompilación y edición, Cacilie Mikkelsen
260 _aCopenhague :
_bIWGIA,
_c2012
300 _a581 páginas ;
_bilustraciones y mapas a blanco y negro ;
_c21 cm.
500 _aIncluye notas a pie de página.
505 0 _aInforme por regiones y países -- Procesos internacionales
520 3 _aEste anuario es una actualización exhaustiva de la situación actual de los pueblos indígenas y de sus derechos humanos, y brinda un panorama de los acontecimientos más importantes ocurridos en los procesos internacionales y regionales durante 2011. En 73 artículos, académicos y activistas indígenas y no indígenas contribuyen con su visión y conocimiento a este libro a través de informes por países que cubren la mayor parte del mundo indígena y información actualizada sobre los procesos internacionales y regionales relacionados con los pueblos indígenas. El Mundo Indígena 2012 es una fuente de información esencial y una herramienta indispensable para aquellos que necesitan estar informados sobre temas y acontecimientos más recientes que han impactado sobre los pueblos indígenas en el mundo entero.
650 1 4 _aCulturas indígenas
_92974
650 2 4 _aComunidades indígenas
_xCondiciones económicas
_936681
650 2 4 _aComunidades indígenas
_xCondiciones sociales
_936682
650 2 4 _aComunidades indígenas
_x Aspectos políticos
_936683
942 _2ddc
_cBK
999 _c15528
_d15528